000 00442nam a2200145Ia 4500
008 191111s9999 xx 000 0 und d
020 _a9781259071119
100 _aPatton, Kevin T.
245 _cKevin T. Patton.--
_aLaboratory manual seeley's essentials of anatomy & physiology /
250 _a8th ed
260 _aUSA :
_bMcGraw-Hill Education
_c2013
300 _axiv, 328 pages.
650 _aHuman anatomy
650 _aHuman physiology
999 _c362670
_d362670